Exploring the language of drama : (Record no. 9358)
[ view plain ]
| 000 -LEADER | |
|---|---|
| fixed length control field | 01382cam a2200349 a 4500 |
| 001 - CONTROL NUMBER | |
| control field | 2127016 |
| 003 - CONTROL NUMBER IDENTIFIER | |
| control field | SISC |
| 005 - DATE AND TIME OF LATEST TRANSACTION | |
| control field | 20160307154806.0 |
| 008 - FIXED-LENGTH DATA ELEMENTS--GENERAL INFORMATION | |
| fixed length control field | 971008s1998 enk b 001 0 eng |
| 010 ## - LIBRARY OF CONGRESS CONTROL NUMBER | |
| LC control number | 97042989 |
| 020 ## - INTERNATIONAL STANDARD BOOK NUMBER | |
| International Standard Book Number | 0415137942 |
| 020 ## - INTERNATIONAL STANDARD BOOK NUMBER | |
| International Standard Book Number | 0415137950 |
| 040 ## - CATALOGING SOURCE | |
| Original cataloging agency | DLC |
| Transcribing agency | DLC |
| Modifying agency | DLC |
| 050 00 - LIBRARY OF CONGRESS CALL NUMBER | |
| Classification number | PR 627 |
| Item number | .Ex9 1998 |
| 082 00 - DEWEY DECIMAL CLASSIFICATION NUMBER | |
| Classification number | HS 822.009 |
| Item number | E9 1998 |
| 245 00 - TITLE STATEMENT | |
| Title | Exploring the language of drama : |
| Remainder of title | from text to context / |
| Statement of responsibility, etc | edited by Jonathan Culpeper, Mick Short, and Peter Verdonk. |
| 260 ## - PUBLICATION, DISTRIBUTION, ETC. (IMPRINT) | |
| Place of publication, distribution, etc | New York : |
| Name of publisher, distributor, etc | Routledge, |
| Date of publication, distribution, etc | c1998. |
| 300 ## - PHYSICAL DESCRIPTION | |
| Extent | 181 p. : |
| Dimensions | 25 cm. |
| 500 ## - GENERAL NOTE | |
| General note | Includes bibliographical references (p. [172]-177) and index. |
| 650 #0 - SUBJECT ADDED ENTRY--TOPICAL TERM | |
| Topical term or geographic name as entry element | English drama |
| General subdivision | History and criticism. |
| 9 (RLIN) | 13328 |
| 650 #0 - SUBJECT ADDED ENTRY--TOPICAL TERM | |
| Topical term or geographic name as entry element | English language |
| General subdivision | Style. |
| 9 (RLIN) | 13329 |
| 650 #0 - SUBJECT ADDED ENTRY--TOPICAL TERM | |
| Topical term or geographic name as entry element | Drama |
| General subdivision | Technique. |
| 9 (RLIN) | 13330 |
| 700 1# - ADDED ENTRY--PERSONAL NAME | |
| Personal name | Culpeper, Jonathan, |
| Dates associated with a name | 1966- |
| 9 (RLIN) | 13331 |
| 700 1# - ADDED ENTRY--PERSONAL NAME | |
| Personal name | Short, Mick. |
| 9 (RLIN) | 13332 |
| 700 1# - ADDED ENTRY--PERSONAL NAME | |
| Personal name | Verdonk, Peter, |
| Dates associated with a name | 1935- |
| 9 (RLIN) | 13333 |
| 856 42 - ELECTRONIC LOCATION AND ACCESS | |
| Materials specified | Publisher description |
| Uniform Resource Identifier | <a href="http://www.loc.gov/catdir/enhancements/fy0649/97042989-d.html">http://www.loc.gov/catdir/enhancements/fy0649/97042989-d.html</a> |
| 856 42 - ELECTRONIC LOCATION AND ACCESS | |
| Materials specified | Contributor biographical information |
| Uniform Resource Identifier | <a href="http://www.loc.gov/catdir/enhancements/fy1102/97042989-b.html">http://www.loc.gov/catdir/enhancements/fy1102/97042989-b.html</a> |
| 906 ## - LOCAL DATA ELEMENT F, LDF (RLIN) | |
| a | 7 |
| b | cbc |
| c | orignew |
| d | 1 |
| e | ocip |
| f | 19 |
| g | y-gencatlg |
| 942 ## - ADDED ENTRY ELEMENTS (KOHA) | |
| Source of classification or shelving scheme | Library of Congress Classification |
| Koha item type | Books |
| Withdrawn status | Lost status | Source of classification or shelving scheme | Damaged status | Home library | Current library | Shelving location | Date acquired | Total Checkouts | Full call number | Barcode | Date last seen | Copy number | Price effective from | Koha item type |
|---|---|---|---|---|---|---|---|---|---|---|---|---|---|---|
| Library of Congress Classification | Luxembourg Library | Luxembourg Library | High School Section | 08/24/2013 | PR 627 .Ex9 1998 | 8274 | 03/07/2016 | 1 | 08/24/2013 | Books |